书目信息 |
| 题名: |
导游口语技巧
|
|
| 作者: | 张舒哲 , 高娴子 编著 | |
| 分册: | ||
| 出版信息: | 北京 旅游教育出版社 2006.10 |
|
| 页数: | 164页 | |
| 开本: | 23cm | |
| 丛书名: | ||
| 单 册: | ||
| 中图分类: | H193.2 | |
| 科图分类: | ||
| 主题词: | 导游--dao you--汉语--口语--专业学校--教材 | |
| 电子资源: | ||
| ISBN: | 7-5637-1393-X | |
| 000 | 00871nam0 2200253 450 | |
| 001 | 012006753067 | |
| 005 | 20070604152651.01 | |
| 010 | @a7-5637-1393-X@dCNY16.00 | |
| 100 | @a20061225d2006 km y0chiy0120 ea | |
| 101 | 0 | @achi |
| 102 | @aCN@b110000 | |
| 105 | @ay a 000yy | |
| 200 | 1 | @a导游口语技巧@Adao you kou yu ji qiao@f张舒哲, 高娴子编著@Fzhang shu zhe,gao xian zi bian zhu |
| 210 | @a北京@c旅游教育出版社@d2006.10 | |
| 215 | @a164页@d23cm | |
| 300 | @a全国旅游专业规划教材 | |
| 320 | @a有书目 (第163-164页)。 | |
| 330 | @a本书介绍了导游口语的相关技巧,主要内容包括:导游口语概述、不同场合的口语运用技巧、导游口语的用词技巧等。 | |
| 606 | 0 | @a导游@Adao you@x汉语@x口语@x专业学校@j教材 |
| 690 | @aH193.2@v4 | |
| 701 | 0 | @a张舒哲@Azhang shu zhe@4编著 |
| 701 | 0 | @a高娴子@Agao xian zi@4编著 |
| 801 | 0 | @aCN@c20070604 |
| 905 | @b233419-21@dH193.2@eZ179 | |
| 导游口语技巧/张舒哲, 高娴子编著.-北京:旅游教育出版社,2006.10 |
| 164页;23cm |
| 全国旅游专业规划教材 |
| ISBN 7-5637-1393-X:CNY16.00 |
| 本书介绍了导游口语的相关技巧,主要内容包括:导游口语概述、不同场合的口语运用技巧、导游口语的用词技巧等。 |
| ● |
| 相关链接 |
|
|
|
正题名:导游口语技巧
索取号:H193.2/Z179
 
预约/预借
| 序号 | 登录号 | 条形码 | 馆藏地/架位号 | 状态 | 备注 |
| 1 | 233419 | 202334198 | 语言库209/209语言库 77排3列2层/ [索取号:H193.2/Z179] | 在馆 | |
| 2 | 233420 | 202334205 | 语言库209/209语言库 77排3列2层/ [索取号:H193.2/Z179] | 在馆 | |
| 3 | 233421 | 202334214 | 语言库209/209语言库 77排3列2层/ [索取号:H193.2/Z179] | 在馆 |